[Event "FSGM April"]
[Site "Budapest HUN"]
[Date "2000.04.10"]
[Round "10"]
[White "Horvath,Cs"]
[Black "Kallio,H"]
[Result "1/2-1/2"]
[WhiteElo "2519"]
[BlackElo "2452"]

1.d4 d5 2.c4 c6 3.Nc3 Nf6 4.e3 e6 5.Nf3 a6 6.b3 b5 7.Bd3 Nbd7 8.O-O Be7 9.Qe2 Bb7
10.Bb2 O-O 11.Rad1 Rc8 12.Ne5 Nxe5 13.dxe5 Nd7 14.f4 Qe8 15.Bb1 f5 16.exf6 Bxf6
17.Qc2 g6 18.Ne2 c5 19.Ng3  1/2-1/2

[Event "zt 1.2"]
[Site "Pula CRO"]
[Date "2000.04.11"]
[Round "1"]
[White "Huzman,A"]
[Black "Pelletier,Y"]
[Result "1-0"]
[WhiteElo "2574"]
[BlackElo "2478"]

1.d4 d5 2.c4 c6 3.Nc3 Nf6 4.e3 e6 5.Nf3 Nbd7 6.Qc2 Bd6 7.Bd3 O-O 8.O-O dxc4
9.Bxc4 b5 10.Be2 Bb7 11.Rd1 Qb8 12.e4 e5 13.dxe5 Nxe5 14.Nd4 Neg4 15.g3 b4
16.Bxg4 Nxg4 17.Na4 g6 18.Nc5 Bxc5 19.Qxc5 Qe5 20.Qxe5 Nxe5 21.Bf4 Rfe8 22.Nb3 Ba6
23.Bxe5 Rxe5 24.f4 Ree8 25.Rd4 Rad8 26.Rad1 Rb8 27.Kf2 Rb6 28.Rc1 Bc8 29.Na5 Ra6
30.Rc5 Be6 31.b3 Rb8 32.Rd6 Rbb6 33.Ke3 Kf8 34.e5 h5 35.Kd2 Kg7 36.h4 Bh3
37.Kc1 Bf1 38.Kb2 Rb5 39.Rxb5 Bxb5 40.Nb7 Rb6 41.Nc5 a5 42.Rd7 Kg8 43.Rd8+ Kg7
44.Ra8 Be2 45.Rxa5 Rb8 46.Ne4 Bf3 47.Nd6 Bd5 48.Ra7  1-0

[Event "Women's Open"]
[Site "St Petersburg RUS"]
[Date "2000.04.11"]
[Round "5"]
[White "Kursova,M"]
[Black "Rubzova,T"]
[Result "1-0"]
[WhiteElo "2091"]
[BlackElo "2252"]

1.d4 d5 2.Nf3 e6 3.c4 c6 4.Nc3 Nf6 5.e3 Nbd7 6.Qc2 Bd6 7.Bd3 O-O 8.O-O Re8
9.h3 Nf8 10.e4 dxe4 11.Nxe4 Nxe4 12.Bxe4 c5 13.dxc5 Bxc5 14.b3 Qe7 15.Bb2 Ba3
16.Bxa3 Qxa3 17.Rfe1 Qe7 18.Rad1 Rb8 19.c5 Qc7 20.Rd6 Bd7 21.Ne5 Rbd8 22.Red1 f6
23.Nxd7 Rxd7 24.Bxh7+ Kh8 25.Be4 Rxd6 26.cxd6 Qxc2 27.Bxc2 Rd8 28.Be4 b6
29.h4 Kg8 30.g4 Kf7 31.Kg2 Nd7 32.f4 Nc5 33.Bf3 a5 34.h5 Nd7 35.Rd4 e5 36.Bd5+ Kf8
37.fxe5 Nxe5 38.Be6 Nc6 39.Rd2 Nb4 40.Bf5 Na6 41.Bg6 Nc5 42.Kf3 Nb7 43.d7 Ke7
44.Be8 Nc5 45.Kf4 Ne6+ 46.Kf5 Nf8 47.Re2+ Kd6 48.h6 gxh6 49.Kxf6 Kc7 50.Rc2+ Kd6
51.Rd2+ Kc7 52.Ke7  1-0

[Event "Women's Open"]
[Site "St Petersburg RUS"]
[Date "2000.04.11"]
[Round "5"]
[White "Guseva,O"]
[Black "Chistiakova,T"]
[Result "1-0"]
[WhiteElo "2135"]
[BlackElo "2060"]

1.d4 d5 2.Nf3 Nf6 3.c4 c6 4.Nc3 e6 5.e3 Nbd7 6.Qc2 Bd6 7.b3 O-O 8.Be2 Qe7
9.O-O dxc4 10.bxc4 e5 11.Bb2 Re8 12.Rfe1 e4 13.Nd2 Nf8 14.f3 exf3 15.Bxf3 Ng4
16.Nf1 Ng6 17.h3 Nh6 18.e4 f6 19.Rad1 Be6 20.c5 Bc7 21.Ba3 Nh4 22.d5 Nxf3+
23.gxf3 Bxh3 24.d6 Qe5 25.dxc7 Qxc7 26.Bc1 Qe5 27.Be3 Qh5 28.Qf2 Bxf1 29.Qxf1 f5
30.Rd2 Rad8 31.Rh2 Qg6+ 32.Qg2 Qxg2+ 33.Rxg2 Nf7 34.Rd2 Rxd2 35.Bxd2 Ne5
36.Rf1 Nd3 37.Be3 f4 38.Rd1 Ne5 39.Bxf4 Nxf3+ 40.Kf2 Nh4 41.Rd7 Rf8 42.Kg3 g5
43.Bxg5 Rf3+ 44.Kxh4 Rxc3 45.Bh6 Rxc5 46.Rg7+ Kh8 47.Rxb7 Kg8 48.Rg7+ Kh8
49.Rxa7 Kg8 50.Rg7+ Kh8 51.Re7 Kg8 52.Rg7+ Kh8 53.Rf7  1-0

[Event "Open"]
[Site "Dos Hermanas ESP"]
[Date "2000.04.13"]
[Round "7"]
[White "Medina Carrasco,S"]
[Black "Ivanisevic,I"]
[Result "0-1"]
[WhiteElo "2173"]
[BlackElo "2460"]

1.d4 d5 2.Nf3 Nf6 3.c4 c6 4.Nc3 e6 5.e3 Nbd7 6.Qc2 Bd6 7.Bd3 O-O 8.O-O dxc4
9.Bxc4 Qe7 10.Ne4 Nxe4 11.Qxe4 c5 12.Bd3 f5 13.Qh4 Nf6 14.b3 b6 15.Bb2 Bb7
16.Rac1 Rad8 17.Rfd1 Bd5 18.dxc5 Bxc5 19.Ne5 Qb7 20.Bc4 Ne4 21.Bd4 Ba3 22.Bxd5 Qxd5
23.Rc7 Qxe5 24.Rxa7 Bc5 25.f4 Qf6 26.Qxf6 gxf6 27.Rc1 Rf7 28.Bxc5 bxc5 29.Ra6 Rfd7
30.Re1 Rd2  0-1

[Event "Chalapathi GM"]
[Site "Guntur, AP IND"]
[Date "2000.04.13"]
[Round "11"]
[White "Prakash,G"]
[Black "Barua,D"]
[Result "0-1"]
[WhiteElo "2435"]
[BlackElo "2555"]

1.d4 d5 2.c4 e6 3.Nf3 Nf6 4.Nc3 c6 5.e3 Nbd7 6.Qc2 Bd6 7.Bd3 O-O 8.O-O dxc4
9.Bxc4 Qe7 10.Bd2 e5 11.Bb3 e4 12.Ng5 Bxh2+ 13.Kxh2 Ng4+ 14.Kg1 Qxg5 15.Qxe4 Nb6
16.Ne2 Nf6 17.Qf4 Qg6 18.Rad1 a5 19.Qg3 Bf5 20.Qxg6 hxg6 21.Rc1 Bd3 22.Rfe1 Ne4
23.Bc2 Bxc2 24.Rxc2 Nd5 25.Nc1 Rfe8 26.Nd3 f6 27.Re2 g5 28.Be1 g4 29.a4 Kf7
30.b3 Ng5 31.Rc5 Nf3+ 32.gxf3 gxf3 33.Rec2 Re4 34.Bxa5 Rh8 35.Nf4 Nxf4 36.exf4 Rxf4
37.Bc7 Rfh4  0-1

[Event "Women's Open"]
[Site "St Petersburg RUS"]
[Date "2000.04.13"]
[Round "7"]
[White "Kursova,M"]
[Black "Kochetkova,J"]
[Result "1-0"]
[WhiteElo "2091"]
[BlackElo "2197"]

1.d4 d5 2.Nf3 e6 3.c4 c6 4.e3 Nf6 5.Nc3 Nbd7 6.Qc2 Bd6 7.Bd3 O-O 8.O-O h6
9.Bd2 Re8 10.e4 dxe4 11.Nxe4 Nxe4 12.Bxe4 c5 13.Bc3 cxd4 14.Nxd4 Nc5 15.Bh7+ Kh8
16.Nb5 Bb8 17.b4 Nd7 18.Rad1 Qg5 19.Be4 Nf6 20.Bxf6 gxf6 21.Nd6 Bxd6 22.Rxd6 e5
23.Qc3 Rg8 24.f4 Qh4 25.Bd5 Be6 26.Bxe6 fxe6 27.fxe5 f5 28.Rxe6 Rg4 29.Qd2 f4
30.Qd6  1-0

[Event "Open"]
[Site "Dos Hermanas ESP"]
[Date "2000.04.14"]
[Round "8"]
[White "Pinheiro,J"]
[Black "Eslon,J"]
[Result "1-0"]
[WhiteElo "2272"]
[BlackElo "2350"]

1.d4 d5 2.c4 c6 3.Nc3 Nf6 4.e3 e6 5.Nf3 Nbd7 6.Bd3 Bd6 7.O-O O-O 8.e4 dxc4
9.Bxc4 e5 10.Re1 Bc7 11.d5 Nb6 12.Bb3 Qe7 13.h3 Bd7 14.a4 a5 15.Be3 Nc8 16.Rc1 Bd6
17.Bg5 h6 18.Bh4 Kh8 19.Nd2 g5 20.Bg3 Nb6 21.Nf1 h5 22.Ne3 h4 23.Bh2 Rg8
24.dxc6 bxc6 25.Nf5 Bxf5 26.exf5 Rad8 27.Qe2 g4 28.hxg4 Rxg4 29.Nd1 Nbd5
30.Ne3 Nxe3 31.Qxe3 Rdg8 32.Qh6+ Nh7 33.Rxc6 Rxg2+ 34.Kh1 f6 35.Bxg8 Rxg8
36.Qd2 Bb4 37.Rxe5 Qb7 38.Qd5 Qg7 39.Rce6 h3 40.Bg3 Qg4  1-0

[Event "Open"]
[Site "Dos Hermanas ESP"]
[Date "2000.04.14"]
[Round "8"]
[White "Kogan,A"]
[Black "Gonzalez Galvan,J"]
[Result "1/2-1/2"]
[WhiteElo "2483"]
[BlackElo "2167"]

1.d4 Nf6 2.Nf3 d5 3.c4 e6 4.Nc3 c6 5.e3 Nbd7 6.Qc2 Bd6 7.Be2 O-O 8.O-O dxc4
9.a4 e5 10.Bxc4 exd4 11.exd4 Nb6 12.Bb3 Qd7 13.Bg5 Nbd5 14.Qd1 Qg4 15.Nxd5 Nxd5
16.Bxd5 cxd5 17.Qb3 Qh5 18.Qxd5 Rd8 19.Qb5 Bd7 20.Qxb7 Bg4 21.h4 f6 22.Be3 Rab8
23.Qc6 Be6 24.Qc2 Bd5 25.Qe2 g5 26.Rfe1 Qg4 27.hxg5 Rxb2 28.Qd1 fxg5 29.Bc1 Rb3
30.Re3 Rxe3 31.Bxe3 Rf8 32.Ne1 Qh4 33.Qc2 Qh2+  1/2-1/2

[Event "ch-FAI"]
[Site "Oyrabakki FAI"]
[Date "2000.04.15"]
[Round "1"]
[White "Samuelsen,Carl E"]
[Black "Rodgaard,J"]
[Result "0-1"]
[WhiteElo "2065"]
[BlackElo "2362"]

1.d4 d5 2.c4 e6 3.Nc3 c6 4.e3 Nf6 5.Nf3 Nbd7 6.Bd3 dxc4 7.Bxc4 b5 8.Bd3 Bd6
9.O-O O-O 10.e4 e5 11.d5 cxd5 12.Nxd5 Nxd5 13.exd5 a6 14.Qc2 Nf6 15.Re1 Re8
16.Bg5 h6 17.Qc6 Bg4 18.Bxf6 Qxf6 19.Nd2 Qe7 20.Ne4 Bb4 21.Re3 Rec8 22.Qb6 f5
23.Rg3 fxe4 24.Bxe4 Qg5 25.h3 Bc5 26.Qa5 Bxf2+ 27.Kxf2 Qf4+ 28.Bf3 Rc2+ 29.Kg1 Qxg3
30.hxg4 e4  0-1

[Event "RUS-Team"]
[Site "Smolensk RUS"]
[Date "2000.04.17"]
[Round "3"]
[White "Tunik,G"]
[Black "Filippov,V"]
[Result "0-1"]
[WhiteElo "2442"]
[BlackElo "2584"]

1.d4 d5 2.c4 e6 3.Nf3 Nf6 4.Nc3 c6 5.e3 Nbd7 6.Bd3 dxc4 7.Bxc4 b5 8.Be2 a6
9.e4 b4 10.e5 bxc3 11.exf6 Nxf6 12.bxc3 Bd6 13.Nd2 O-O 14.Nc4 Be7 15.Bf3 Qc7
16.Ne5 Bb7 17.Rb1 Rab8 18.O-O c5 19.Bxb7 Rxb7 20.Rxb7 Qxb7 21.Ba3 cxd4 22.Bxe7 Qxe7
23.Qxd4 Qa3 24.c4 Qxa2 25.Ra1 Qb3 26.g3 Qb7 27.c5 Nd5 28.Ra5 f6 29.Nd3 Rb8
30.Qe4 Nc7 31.Qxb7 Rxb7 32.Kf1 Kf7 33.Ra4 Rb5 34.h4 a5 35.Ke2 e5 36.Kd2 Na6
37.Rc4 Ke6 38.c6 Kd6 39.h5 Rd5 40.Ke3 Nc7 41.h6 g6 42.f4 exf4+ 43.Nxf4 Re5+
44.Kd2 Rg5 45.Rc3 a4 46.Kc1 Nb5 47.Re3 Kxc6 48.Re7 a3 49.Rxh7 Rc5+  0-1

[Event "Millennium Masters"]
[Site "Oakham ENG"]
[Date "2000.04.18"]
[Round "8"]
[White "Gormally,D"]
[Black "Aagaard,J"]
[Result "1-0"]
[WhiteElo "2504"]
[BlackElo "2396"]

1.d4 d5 2.c4 e6 3.Nf3 Nf6 4.Nc3 c6 5.e3 Nbd7 6.Bd3 dxc4 7.Bxc4 b5 8.Bd3 Bb7
9.O-O b4 10.Ne4 Be7 11.Nxf6+ Nxf6 12.Qe2 O-O 13.e4 c5 14.dxc5 Nd7 15.c6 Bxc6
16.Be3 Bb7 17.Rfd1 Nc5 18.Bc2 Qa5 19.Nd2 Rfd8 20.Qh5 Nb3 21.e5  1-0

[Event "Match"]
[Site "Cannes FRA"]
[Date "2000.04.19"]
[Round "2"]
[White "Tkachiev,V"]
[Black "Piket,Je"]
[Result "1/2-1/2"]
[WhiteElo "2670"]
[BlackElo "2633"]

1.d4 d5 2.c4 c6 3.Nc3 Nf6 4.e3 e6 5.Nf3 Nbd7 6.Bd3 dxc4 7.Bxc4 b5 8.Bd3 Bb7
9.O-O b4 10.Ne4 Be7 11.a3 Nxe4 12.Bxe4 Nf6 13.Bd3 bxa3 14.bxa3 O-O 15.Rb1 Qc8
16.e4 c5 17.e5 Nd7 18.Ng5 h6 19.Qh5 Bxg5 20.Bxg5 Bd5 21.dxc5 Nxe5 22.Bxh6 f5
23.Qg5 Qc7 24.c6 Bxc6 25.Qg3 f4 26.Bxf4 Rxf4 27.Qxf4 Nf3+ 28.Qxf3 Bxf3 29.gxf3 Rb8
30.Bc4  1/2-1/2

[Event "ch-RSA"]
[Site "Port Elizabeth RSA"]
[Date "2000.04.21"]
[Round "1"]
[White "De Villiers,C"]
[Black "Bouah,L"]
[Result "1-0"]
[WhiteElo "2335"]
[BlackElo "2175"]

1.d4 d5 2.c4 c6 3.Nf3 e6 4.e3 Nf6 5.Nc3 Bd6 6.Qc2 Nbd7 7.b3 Qe7 8.Bd3 e5
9.cxd5 cxd5 10.dxe5 Nxe5 11.Nxe5 Bxe5 12.Bb2 O-O 13.Nb5 Bd7 14.Bxe5 Qxe5
15.Nd4 Rfe8 16.O-O Rac8 17.Qd2 Ng4 18.Nf3 Qh5 19.Rac1 Bc6 20.h3 Nf6 21.Nd4 Bd7
22.Qb4 Bxh3 23.gxh3 Qxh3 24.Qd6 Rcd8 25.Qf4 Ne4 26.Rc7 Qh5 27.Qf3 Qg6+ 28.Qg2 Qf6
29.Rfc1 Re5 30.f4 Rh5 31.Bxe4 dxe4 32.Rc8 g6 33.Qxe4 Kg7 34.Rxd8 Qxd8 35.Nf3 Rd5
36.Kf2 Rd2+ 37.Kg3 Rd5 38.Rc4 f5 39.Qe6  1-0

[Event "Open"]
[Site "Dubai UAE"]
[Date "2000.04.28"]
[Round "1"]
[White "Shariyazdanov,A"]
[Black "Saleh,Nab"]
[Result "1/2-1/2"]
[WhiteElo "2612"]
[BlackElo "2258"]

1.d4 d5 2.c4 c6 3.Nc3 Nf6 4.e3 e6 5.Nf3 Nbd7 6.Qc2 Bd6 7.Bd3 dxc4 8.Bxc4 O-O
9.O-O Qe7 10.Bd2 e5 11.Bb3 Bc7 12.a3 a5 13.h3 h6 14.Nh4 Re8 15.Nf5 Qf8 16.Rae1 e4
17.f3 g6 18.fxe4 gxf5 19.Rxf5 Qd6 20.e5 Nxe5 21.Rxe5 Be6 22.Bxe6 Rxe6 23.Rxe6 Qxe6
24.Rf1 Qd6 25.Qf5 Qh2+ 26.Kf2 Kg7 27.Ke2 Qxg2+ 28.Rf2 Qg6 29.Qf3 Qh5 30.e4 Rd8
31.Qxh5 Nxh5 32.Be3 f5 33.exf5 Ng3+ 34.Kd3 Rf8 35.f6+ Kg6 36.Ne4 Nxe4 37.Kxe4 h5
38.Rg2+ Kxf6 39.Rf2+ Ke7 40.Bg5+ Ke8 41.Rxf8+ Kxf8 42.d5 cxd5+ 43.Kxd5 Kf7
44.a4 Kg6 45.Bd2 Kf5 46.b3 Bd8 47.Kd4 Bc7 48.Kd5 Bd8 49.Kd6 Ke4 50.Kd7 Kd3
51.Be1 Bf6 52.Bxa5 Kc2 53.Be1 Kxb3 54.a5 Bc3 55.Bxc3 Kxc3  1/2-1/2

[Event "Israeli League"]
[Site "Ramat Aviv ISR"]
[Date "2000.04.28"]
[Round "9"]
[White "Zisman,P"]
[Black "Rotman,D"]
[Result "0-1"]
[WhiteElo "2255"]
[BlackElo "2352"]

1.d4 d5 2.Nf3 Nf6 3.c4 c6 4.Nc3 e6 5.e3 Nbd7 6.Bd3 dxc4 7.Bxc4 b5 8.Bd3 Bb7
9.e4 b4 10.Na4 c5 11.e5 Nd5 12.dxc5 Nxc5 13.Nxc5 Bxc5 14.Bb5+ Kf8 15.O-O h6
16.Qb3 Qb6 17.Be2 Ke7 18.Ne1 Rhd8 19.Qg3 Kf8 20.Nd3 Bd4 21.Bd2 a5 22.Kh1 Ne7
23.Rac1 Be4 24.b3 Nf5 25.Qh3 Bxf2 26.Nxf2 Rxd2 27.Nxe4 Rxe2 28.Qf3 Re3 29.Qf4 Qd4
30.Rc4 Qd3 31.Nc5 Qd5 32.Kg1 Rc3 33.g4 Rxc4 34.Qxc4 Qxc4 35.bxc4 Nd4 36.Kf2 Rc8
37.Nb3 Rxc4 38.Nxa5 Rc5 39.Nb7 Rxe5 40.Rb1 Re2+ 41.Kg3 Rxa2 42.Rxb4 Ra3+
43.Kg2 Rb3 44.Rxd4 Rxb7 45.h4 Ke7 46.Kf3 Rb3+ 47.Kf4 Rh3 48.h5 Kf6 49.Ra4 Rd3
50.Ra6 Rd4+ 51.Kf3 Kg5 52.Ra5+ Kh4  0-1

[Event "VI Leonardo Di Bona"]
[Site "Cutro ITA"]
[Date "2000.04.29"]
[Round "3"]
[White "Chatalbashev,B"]
[Black "Timoscenko,G"]
[Result "1/2-1/2"]
[WhiteElo "2522"]
[BlackElo "2519"]

1.d4 d5 2.c4 c6 3.Nc3 Nf6 4.e3 e6 5.Nf3 Nbd7 6.Bd3 dxc4 7.Bxc4 b5 8.Bd3 b4
9.Ne2 c5 10.O-O Bb7 11.Ng3 Be7 12.Re1 O-O 13.Bd2 Rc8 14.Rc1 cxd4 15.Rxc8 Qxc8
16.exd4 Rd8 17.Bg5 Qc7 18.Ne4 Re8 19.Ned2 Nd5 20.Bxe7 Rxe7 21.g3 N7f6  1/2-1/2

[Event "Open"]
[Site "Dubai UAE"]
[Date "2000.04.30"]
[Round "3"]
[White "Akopian,V"]
[Black "Riazantsev,A"]
[Result "1-0"]
[WhiteElo "2660"]
[BlackElo "2442"]

1.d4 d5 2.c4 c6 3.Nc3 Nf6 4.e3 e6 5.Nf3 Nbd7 6.Bd3 dxc4 7.Bxc4 b5 8.Bd3 Bb7
9.O-O a6 10.e4 c5 11.d5 Qc7 12.dxe6 fxe6 13.Bc2 Bd6 14.Ng5 Nf8 15.f4 O-O-O
16.Qe2 h6 17.Nf3 Bxf4 18.Bxf4 Qxf4 19.g3 Qc7 20.e5 Nd5 21.a4 Nxc3 22.bxc3 Qc6
23.axb5 axb5 24.Ra7 Nd7 25.Rxb7 Qxb7 26.Be4 Qa6 27.Rb1 Kc7 28.Rxb5 Rb8 29.Rb7+ Qxb7
30.Bxb7 Rxb7 31.Kg2 Rf8 32.Kh3 Rf5 33.g4 Rf8 34.Kg3 Rb6 35.Nd2 Rb2 36.Qe3 Ra8
37.Qd3 Raa2 38.Qd6+ Kd8 39.Ne4 Rg2+ 40.Kf3 Rxh2 41.g5 hxg5 42.Qxe6 Rae2 43.Qd5 g4+
44.Kf4 Rh5 45.Nxc5 g5+ 46.Kxg4 Rh7 47.Qg8+  1-0

[Event "Julian Borowski A"]
[Site "Essen GER"]
[Date "2000.04.30"]
[Round "4"]
[White "Milov,V"]
[Black "Hansen,Cu"]
[Result "1/2-1/2"]
[WhiteElo "2653"]
[BlackElo "2618"]

1.d4 d5 2.c4 e6 3.Nc3 c6 4.e3 Nf6 5.Nf3 Nbd7 6.Bd3 dxc4 7.Bxc4 b5 8.Bd3 Bb7
9.O-O b4 10.Ne4 Be7 11.Nxf6+ Nxf6 12.e4 O-O 13.e5 Nd7 14.Be4 Rb8 15.a3 bxa3
16.b4 a5 17.bxa5 Qxa5 18.Bxa3 Qd8 19.Bxe7 Qxe7 20.Ra7 h6 21.h3 Qd8 22.Qa4 Nb6
23.Qa3 Nd5 24.Rb1 Ba8 25.Ra1 Nc7 26.Qc5 Nb5 27.R7a4 Rc8 28.Nd2 Bb7 29.Nb3 Rc7
30.Na5 Ba8 31.Nb3 Bb7 32.Qc4 Qh4 33.d5 f5 34.dxe6 Kh8 35.Bf3 Qe7 36.Rd1 Bc8
37.Nc5 Kh7 38.Bh5 g6 39.Bf3 Re8 40.Ra8 Bxe6 41.Nxe6 Qxe6 42.Qxe6 Rxe6 43.Rdd8 Rxe5
44.Bxc6 h5 45.f4 Rc5 46.Rh8+ Kg7 47.Rhg8+ Kf6 48.Be8 Rg7 49.Rf8+ Ke7 50.Bxb5  1/2-1/2

[Event "VI Leonardo Di Bona"]
[Site "Cutro ITA"]
[Date "2000.05.01"]
[Round "5"]
[White "Pegorari,P"]
[Black "Borgo,G"]
[Result "0-1"]
[WhiteElo "2366"]
[BlackElo "2382"]

1.c4 e6 2.Nc3 d5 3.d4 c6 4.Nf3 Nf6 5.e3 a6 6.a4 Nbd7 7.Bd3 Bb4 8.O-O O-O
9.Qc2 Qe7 10.Bd2 dxc4 11.Bxc4 e5 12.Rae1 e4 13.Nxe4 Nxe4  0-1

[Event "VI Leonardo Di Bona"]
[Site "Cutro ITA"]
[Date "2000.05.02"]
[Round "6"]
[White "Timoscenko,G"]
[Black "Ortega,Le"]
[Result "1/2-1/2"]
[WhiteElo "2519"]
[BlackElo "2479"]

1.d4 d5 2.c4 e6 3.Nc3 c6 4.e3 Nf6 5.Nf3 Nbd7 6.Qc2 Bd6 7.Bd3 O-O 8.O-O e5
9.cxd5 cxd5 10.e4 dxe4 11.Nxe4 Nxe4 12.Bxe4 h6 13.Be3 exd4 14.Bh7+ Kh8 15.Bxd4 Nf6
16.Bf5 Qa5 17.Bxc8 Rfxc8 18.Qb3 Qd5 19.Bxf6 Qxb3 20.Bxg7+ Kxg7 21.axb3 Be7  1/2-1/2

[Event "Open"]
[Site "Dubai UAE"]
[Date "2000.05.02"]
[Round "5"]
[White "Khalid AlShaali"]
[Black "Saleh,Nab"]
[Result "1-0"]
[WhiteElo "2178"]
[BlackElo "2258"]

1.d4 d5 2.c4 c6 3.e3 Nf6 4.Nc3 e6 5.Nf3 Nbd7 6.Qc2 Bd6 7.Bd3 O-O 8.O-O dxc4
9.Bxc4 Qe7 10.e4 e5 11.d5 Nb6 12.Bb3 cxd5 13.exd5 Bg4 14.Ng5 Rac8 15.Qd3 Bh5
16.f3 Nbd7 17.Nge4 Nxe4 18.fxe4 Nc5 19.Qh3 Nxb3 20.axb3 Bg6 21.Be3 a6 22.Ra4 Rc7
23.g4 Rfc8 24.Qf3 h6 25.h3 Qd7 26.Rf2 Qe7 27.Kh2 Bb4 28.Bb6 Rxc3 29.bxc3 Rxc3
30.Qe2 Rxb3 31.Qc4 Rb1 32.Re2 Be1 33.Bc5 Qh4 34.Ra3 b5 35.Qc2 Bg3+ 36.Rxg3 Rh1+
37.Kg2  1-0

[Event "Kaissa CC"]
[Site "Kharkov UKR"]
[Date "2000.05.02"]
[Round "5"]
[White "Shalimov,V UKR"]
[Black "Gnidash,A"]
[Result "1-0"]
[WhiteElo "2400"]
[BlackElo "2254"]

1.d4 d5 2.c4 c6 3.Nc3 Nf6 4.e3 e6 5.Nf3 Bd6 6.Bd3 Nbd7 7.O-O O-O 8.e4 dxe4
9.Nxe4 Nxe4 10.Bxe4 e5 11.dxe5 Nxe5 12.Nxe5 Bxe5 13.Bxh7+ Kxh7 14.Qh5+ Kg8
15.Qxe5 Re8 16.Qc3 Qh4 17.Be3 Qg4 18.Rfe1 Be6 19.b3 Red8 20.f3 Qg6 21.Rad1 b6
22.Bf4 Rxd1 23.Rxd1 Qf5 24.Bg3 Qc5+ 25.Bf2 Qg5 26.h4 Qg6 27.Kh2 Re8 28.Bg3 Qf5
29.Rd4 Qf6 30.Qd2 c5 31.Rd6 Qe7 32.a4 Qb7 33.Qg5 Qe7 34.Qd2 Qb7 35.Bf4 Qe7
36.Qf2 Rd8 37.Qg3 Rxd6 38.Bxd6 Qd8 39.Bc7 Qe7 40.Bd6 Qd8 41.Bb8 Qe7 42.a5 bxa5
43.Bd6 Qd8 44.Bxc5 a6 45.Qf4 Qc8 46.Bd4 a4 47.Qg3 Qf8 48.bxa4 Bxc4 49.a5 f6
50.Qf4 Qf7 51.g4 Bf1 52.Qb8+ Qf8 53.Qb3+ Qf7 54.Qb8+ Qf8 55.Qb6 Qe8 56.Qb3+ Qf7
57.Qb2 Qc7+ 58.Kg1 Bb5 59.Kg2 Qc4 60.Bf2 Bc6 61.Qb8+ Kh7 62.Kg3 Qc3 63.Qb1+ Kg8
64.Qf5 Bb5 65.Qe6+ Kh8 66.Bb6 Qc6 67.Qe7 Qd7 68.Qc5 Qc6 69.Qe3 Qd6+ 70.Kg2 Qd3
71.Qc1 Qe2+ 72.Bf2 Qc4 73.Qe3 Bc6 74.Kg3 Qd5 75.Be1 Qd6+ 76.Kg2 Qd5 77.h5 Qc4
78.Kg3 Kg8 79.h6 g5 80.Bc3 Qf7 81.Qc5 Qc7+ 82.Kh3 Qd7 83.Bxf6 Bxf3 84.Qxg5+ Kh7  1-0

[Event "VI Leonardo Di Bona"]
[Site "Cutro ITA"]
[Date "2000.05.03"]
[Round "7"]
[White "Chatalbashev,B"]
[Black "Pegorari,P"]
[Result "0-1"]
[WhiteElo "2522"]
[BlackElo "2366"]

1.c4 Nf6 2.Nc3 c6 3.d4 d5 4.Nf3 e6 5.e3 Nbd7 6.Qc2 Bd6 7.Bd2 O-O 8.O-O-O Re8
9.Bd3 dxc4 10.Bxc4 b5 11.Bb3 Bb7 12.e4 b4 13.Na4 c5 14.Rhe1 cxd4 15.Kb1 e5
16.Bc4 Nb6 17.Nxb6 Qxb6 18.Ng5 Re7 19.f3 Ba6 20.b3 Bxc4 21.Qxc4 Rc7 22.Qd3 Nd7
23.Nh3 Rac8 24.Nf2 Nc5 25.Qc2 Na4 26.Qd3 Nc3+  0-1

[Event "Julian Borowski B"]
[Site "Essen GER"]
[Date "2000.05.03"]
[Round "6"]
[White "Siebrecht,S"]
[Black "Pelletier,Y"]
[Result "0-1"]
[WhiteElo "2373"]
[BlackElo "2478"]

1.d4 d5 2.Nf3 Nf6 3.c4 c6 4.e3 e6 5.Nc3 Nbd7 6.a3 Bd6 7.b4 Ne4 8.Nxe4 dxe4
9.Nd2 f5 10.Bb2 O-O 11.f4 a5 12.Qb3 Nf6 13.Be2 Qe7 14.h3 axb4 15.c5 Bc7 16.g4 Nd5
17.g5 e5 18.dxe5 Be6 19.Bc4 bxa3 20.Bxa3 Ba5 21.Ra2 Rfd8 22.O-O Bxd2 23.Rxd2 b5
24.Bxd5 Bxd5 25.Qc3 Bc4 26.Rfd1 Rd3 27.Rxd3 exd3 28.Rd2 Qe6 29.Bb2 Ra7 30.Kh2 Kf7
31.Kg3 Qd5 32.Qd4 Ke6 33.h4 Ra2 34.h5 Qxd4 35.exd4 Bb3 36.Kf3 Bc2 37.Bc3 Ra3
38.Bb2 Rb3 39.d5+ cxd5 40.Bd4 Rb1 41.c6 Rb4 42.Ke3 Rc4 43.g6 h6 44.Rf2 Rxc6
45.Rf1 Rc4 46.Ra1 Rxd4 47.Ra6+ Kd7 48.Kxd4 d2 49.Kc5 d1=Q 50.Ra7+ Ke6 51.Ra6+ Kd7
52.Ra7+ Kc8 53.Kc6 Kb8 54.Rxg7 b4 55.Rb7+ Ka8 56.g7 Ba4+ 57.Kd6 Qg1 58.Rf7 Be8
59.Ke7 Bxf7 60.Kxf7 Qa7+ 61.Kf8 Qb8+ 62.Kf7 b3 63.e6 b2 64.e7 b1=Q 65.g8=Q Qxg8+
66.Kxg8 Qe4 67.Kf7 d4  0-1

[Event "57th ch-POL"]
[Site "Plock POL"]
[Date "2000.05.03"]
[Round "6"]
[White "Kempinski,R"]
[Black "Grabarczyk,M"]
[Result "1-0"]
[WhiteElo "2528"]
[BlackElo "2522"]

1.d4 d5 2.c4 c6 3.Nc3 Nf6 4.e3 e6 5.Nf3 Nbd7 6.Qc2 b6 7.Rb1 Be7 8.b4 O-O
9.c5 a5 10.a3 axb4 11.axb4 bxc5 12.dxc5 e5 13.Be2 Qc7 14.e4 d4 15.Nd1 Qb8
16.Nd2 Ba6 17.Nc4 Bd8 18.O-O Bc7 19.Bd2 Bb5 20.Re1 Ra6 21.Ndb2 Qe8 22.Bd3 Qb8
23.Qd1 Re8 24.Bc2 Nf8 25.Bb3 Ne6 26.Qf3 Nd7 27.Qh5 Qd8 28.Ra1 Qa8 29.Rxa6 Qxa6
30.Rc1 Qa8 31.Qf5 Qb7 32.Nd3 Qb8 33.Ra1 Rf8 34.h4 Re8 35.g3 g6 36.Qf3 Qb7
37.Rc1 Qa8 38.h5 Qd8 39.Ra1 Qc8 40.Kg2 Qd8 41.Ra7 Bb8 42.Ra8 Qe7 43.Nd6 Bxd6
44.cxd6 Qf8 45.Bh6 Ng7 46.Ra7 Rd8 47.Nc5 Qe8 48.Bg5  1-0

[Event "Open"]
[Site "Dubai UAE"]
[Date "2000.05.04"]
[Round "6"]
[White "Vladimirov,E"]
[Black "Riazantsev,A"]
[Result "1-0"]
[WhiteElo "2586"]
[BlackElo "2442"]

1.d4 d5 2.c4 c6 3.Nf3 Nf6 4.Nc3 e6 5.e3 Nbd7 6.Bd3 dxc4 7.Bxc4 b5 8.Bb3 Bb7
9.O-O Be7 10.Re1 O-O 11.e4 b4 12.Nb1 c5 13.Bc2 cxd4 14.e5 Nd5 15.Qd3 g6 16.Bh6 Re8
17.Nbd2 Rc8 18.Nxd4 Bg5 19.Bxg5 Qxg5 20.N2f3 Qe7 21.Qd2 a6 22.h4 N5b6 23.h5 Red8
24.Be4 Nc4 25.Qf4 Bxe4 26.Qxe4 Nc5 27.Nc6 Qb7 28.Qxc4 Qxc6 29.Rac1 Qb7 30.Red1 Rxd1+
31.Rxd1 Na4 32.Qb3 Nc5 33.Qe3 Qe7 34.h6 Na4 35.Qd4 Qf8 36.Nh2 Qc5 37.Qxc5 Nxc5
38.Rc1 a5 39.Ng4 Rc7 40.Nf6+ Kh8 41.b3 Na6 42.Rd1 Rc8 43.Rd7  1-0

[Event "New York Open"]
[Site "New York USA"]
[Date "2000.05.05"]
[Round "1"]
[White "Agrest,E"]
[Black "Koenig,Da"]
[Result "1-0"]
[WhiteElo "2604"]
[BlackElo "2236"]

1.c4 c6 2.Nf3 d5 3.e3 Nf6 4.Nc3 e6 5.d4 Nbd7 6.Bd3 dxc4 7.Bxc4 b5 8.Be2 Bb7
9.O-O a6 10.e4 b4 11.e5 bxc3 12.exf6 gxf6 13.bxc3 c5 14.Rb1 Bc6 15.Bf4 Qa5
16.c4 cxd4 17.Nxd4 Be4 18.Bf3 Bxf3 19.Qxf3 Rc8 20.Qb7 Qc5 21.Rfd1 e5 22.Ne6 Qc6
23.Qxc6 Rxc6 24.Nxf8 Rxf8 25.Bh6 Rg8 26.Rb7 Nb6 27.c5 Nc8 28.Rbd7 Rg6 29.Rd8+ Ke7
30.Bf8+ Ke6 31.h3 h5 32.Re8+ Kf5 33.Rdd8 Na7 34.Re7 Nb5 35.Rxf7 Rg8 36.Rdd7 Nc3
37.Rd6 Rxd6 38.cxd6 Ne2+ 39.Kf1 Nd4 40.Be7 Ke6 41.Rxf6+ Kd7 42.Rf8 Rg6 43.Rd8+ Ke6
44.Ra8  1-0

[Event "New York Open"]
[Site "New York USA"]
[Date "2000.05.05"]
[Round "2"]
[White "Krush,I"]
[Black "Kaidanov,G"]
[Result "0-1"]
[WhiteElo "2399"]
[BlackElo "2599"]

1.d4 d5 2.c4 e6 3.Nc3 c6 4.e3 Nf6 5.Nf3 Nbd7 6.Qc2 Bd6 7.Be2 O-O 8.O-O dxc4
9.Bxc4 b5 10.Bd3 Bb7 11.a3 Qe7 12.Bd2 Rfc8 13.b4 a5 14.Na2 axb4 15.axb4 e5
16.dxe5 Nxe5 17.Nxe5 Bxe5 18.Rad1 c5 19.f4 cxb4 20.Qb1 Bc3 21.Rfe1 Ne4 22.Bxc3 bxc3  0-1

[Event "VI Leonardo Di Bona"]
[Site "Cutro ITA"]
[Date "2000.05.06"]
[Round "10"]
[White "Pegorari,P"]
[Black "Ortega,Le"]
[Result "0-1"]
[WhiteElo "2366"]
[BlackElo "2479"]

1.c4 e6 2.Nc3 d5 3.d4 c6 4.e3 Nf6 5.Nf3 Nbd7 6.Qc2 Bd6 7.Bd3 O-O 8.O-O dxc4
9.Bxc4 e5 10.dxe5 Nxe5 11.Nxe5 Bxe5 12.f4 Bxc3 13.Qxc3 Qe7 14.Qc2 Be6 15.Bd3 Bd5
16.Bd2 Rad8 17.Rae1 Be4 18.Bxe4 Qxe4 19.Qc1 Qd5 20.Bb4 Rfe8 21.Rd1 Qe4 22.Rxd8 Rxd8
23.Bc3 Ng4 24.Bd4 Rxd4 25.exd4 Qxd4+ 26.Kh1 Nf2+ 27.Rxf2 Qxf2 28.Qd1 g6 29.Qc1 c5
30.h3 b5 31.g4 c4 32.g5 Qf3+ 33.Kh2 Qe2+ 34.Kg3 b4 35.a3 Qd3+ 36.Kg4 c3 37.bxc3 bxc3
38.Qe1 Qf5+ 39.Kg3 Qc8 40.h4 c2 41.Qc1 Qc3+  0-1

[Event "Open"]
[Site "Dubai UAE"]
[Date "2000.05.07"]
[Round "9"]
[White "Ibragimov,I"]
[Black "Asrian,K"]
[Result "1-0"]
[WhiteElo "2611"]
[BlackElo "2572"]

1.d4 d5 2.c4 e6 3.Nf3 Nf6 4.Nc3 c6 5.e3 Nbd7 6.Qc2 Bd6 7.Bd3 O-O 8.O-O dxc4
9.Bxc4 b5 10.Be2 Bb7 11.Rd1 Qc7 12.e4 e5 13.g3 Rfe8 14.dxe5 Nxe5 15.Bg5 Nxf3+
16.Bxf3 Qe7 17.Bg2 Be5 18.Ne2 Qb4 19.Rd2 Rad8 20.Rad1 Rxd2 21.Rxd2 Qa5 22.b3 c5
23.Rd1 h6 24.Bd2 Qa6 25.Bc3 Bxc3 26.Nxc3 b4 27.Nd5 Nxd5 28.exd5 Qd6 29.h4 h5
30.Rc1 Rc8 31.Qe2 g6 32.Kh2 Ba6 33.Qe3 Bb5 34.f4 c4 35.bxc4 Rxc4 36.Rxc4 Bxc4
37.Qxa7 Kf8 38.Qb7 Kg7 39.Qa7 Kf8 40.Kg1 Ke8 41.a3 b3 42.Qa4+ Kd8 43.Qxc4 Qb6+
44.Kh2 b2 45.Be4 f5 46.Bd3 Qf2+ 47.Kh1 Qf3+ 48.Kh2 Qf2+ 49.Kh1 Qf3+ 50.Kg1 Qxg3+
51.Kf1 Qe3 52.Kg2 Qd2+ 53.Kf3 Qd1+ 54.Ke3 Qc1+ 55.Kd4 Qxf4+ 56.Kc5 Qc7+ 57.Kb4 Qb6+
58.Qb5 Qd4+ 59.Kb3 f4 60.Qb8+ Ke7 61.Qb7+ Kd8 62.Qb8+ Kd7 63.Bb5+ Ke7 64.Qe8+ Kd6
65.Qd7+  1-0